IL REGNO. ATTUALITÀ E DOCUMENTI. MAGGIO 1996. (Record no. 323412)

MARC details
000 -LEADER
fixed length control field 01882nas a2200277Ia 4500
001 - CONTROL NUMBER
control field R262-R4969
003 - CONTROL NUMBER IDENTIFIER
control field IT-CnALBA
008 - FIXED-LENGTH DATA ELEMENTS--GENERAL INFORMATION
fixed length control field 170116c99999999xx |||||||||||| ||und||
040 ## - CATALOGING SOURCE
Original cataloging agency IT-CnALBA
Transcribing agency IT-CnALBA
041 ## - LANGUAGE CODE
Language code of text/sound track or separate title ITALIANO
999 ## - SYSTEM CONTROL NUMBERS (KOHA)
Koha Dewey Subclass [OBSOLETE] NO
100 ## - MAIN ENTRY--PERSONAL NAME
Personal name BRUNELLI GIANFRANCO
210 ## - ABBREVIATED TITLE
Abbreviated title IL REGNO
222 ## - KEY TITLE
Key title IL REGNO
245 #0 - TITLE STATEMENT
Title IL REGNO. ATTUALITÀ E DOCUMENTI. MAGGIO 1996.
250 ## - EDITION STATEMENT
Edition statement 1a ed.
260 ## - PUBLICATION, DISTRIBUTION, ETC. (IMPRINT)
Place of publication, distribution, etc. BOLOGNA - NAPOLI
Name of publisher, distributor, etc. DEHONIANE EDIZIONI
Date of publication, distribution, etc. 1996 [1° Ed.:1996 - Ed.Ling.Originale: 1996]
300 ## - PHYSICAL DESCRIPTION
Extent 64 p.
310 ## - CURRENT PUBLICATION FREQUENCY
Current publication frequency QUINDICINALE
362 ## - DATES OF PUBLICATION AND/OR SEQUENTIAL DESIGNATION
Dates of publication and/or sequential designation Fascicolo: 10 / Anno: 41 (1996)
500 ## - GENERAL NOTE
General note POLITICA ITALIA, SVOLTA QUESTIONE CATTOLICA. PRAGA, CHIESA CLANDESTINA, MICOSLAV VLK. EOROPA ORIENTALE, ETICA TEOLOGICA DEL CAMBIAMENTO. OLANDA UNIONI GAY. IRLANDA, VIOLENZA SUI MINORI, FERITA DI CHIESA. GERMANIA, PROTESTANTI E OMOSESSUALITÀ. TUNISIA, GIVANNI PAOLO II, ISLAM DIALOGO BLINDATO. I TERRITORI PALESTINESI E LA PACE, GERUSALEMME. LE PROMESSE DEI FALASHA', PARABOLA DELL'ALBERO DEL FICO. ITALIA ASPER, RELIGIONI E GEOSTRATEGIA. DIBATTITO SU DIO. EUROPA E RITORNO A DIO, FEDE E DIALOGO. ITALIA FUCI, UN SECOLO DI RICERCA.
501 ## - WITH NOTE
With note Società San Paolo EM - Piazza San Paolo, 14 - 12051 ALBA (CN) (non commercial uses only) ® Copyright 2017
520 ## - SUMMARY, ETC.
Summary, etc. POLITICA ITALIA, SVOLTA QUESTIONE CATTOLICA. PRAGA, CHIESA CLANDESTINA, MICOSLAV VLK. EOROPA ORIENTALE, ETICA TEOLOGICA DEL CAMBIAMENTO. OLANDA UNIONI GAY. IRLANDA, VIOLENZA SUI MINORI, FERITA DI CHIESA. GERMANIA, PROTESTANTI E OMOSESSUALITÀ. TUNISIA, GIVANNI PAOLO II, ISLAM DIALOGO BLINDATO. I TERRITORI PALESTINESI E LA PACE, GERUSALEMME. LE PROMESSE DEI FALASHA', PARABOLA DELL'ALBERO DEL FICO. ITALIA ASPER, RELIGIONI E GEOSTRATEGIA. DIBATTITO SU DIO. EUROPA E RITORNO A DIO, FEDE E DIALOGO. ITALIA FUCI, UN SECOLO DI RICERCA.
650 ## - SUBJECT ADDED ENTRY--TOPICAL TERM
Topical term or geographic name as entry element ECCLESIOLOGIA
942 ## - ADDED ENTRY ELEMENTS (KOHA)
Koha item type RIVISTA
957 ## -
-- 1
999 ## - SYSTEM CONTROL NUMBERS (KOHA)
-- 1
Holdings
Withdrawn status Lost status Damaged status Not for loan Home library Current library Date acquired Total Checkouts Full call number Date last seen Price effective from Koha item type Public note
    Buone Condizioni Not For Loan ALBA - Biblioteca ALBA - Biblioteca 16/01/2017   R262-R4969 16/01/2017 16/01/2017 RIVISTA (data import: 16 gennaio 2017) - By Epidotti, Vaglietti.
CREDITS: SOCIETA' SAN PAOLO Via A.Severo, 58 - ROMA (RM) & PERIODICI SAN PAOLO SRL Via Giotto, 36 MILANO & CISF Via Giotto, 36 MILANO & EDIZIONI SAN PAOLO SRL,  Piazza Soncino, 5 CINISELLO BALSAMO (MI) -- ITALY